00882nam a2200217 i 4500001000700000003000900007005001700016008004100033040002000074100003200094245004400126260004400170300003500214490003000249490005000279830003800329830005800367852009400425999001900519952012600538160931ES-MaACL20230906212146.0041006s1870 gw |||| | eng d aCAM bspa cCAM1 aOliphant, Margaret.913061110aMiss Marjoribanks / cby Mrs. Oliphant. aLeipzig : bBernhard Tauchnitz, c1870. a2 v. (352 ; 336 p.) ; c16 cm.1 aChronicles of Carlingford1 aCollection of british authors ; v1114 ; 11150 aChronicles of Carlingford91883170 aCollection of british authors ; v1114 ; 11159180703 aES-MaACLjG-12668 z-- Enc. hol., conservando las cubs. originales z-- Enc. 2 t. en 1 v. c160931d160931 001040708LIBXIXaATENEOMbATENEOMcSPP3d2008-01-17eSSCl0oG-12668p1168538r2023-02-23 00:00:00w2023-02-23yMONANT